000 00549nam a2200181Ia 4500
999 _c20936
_d20936
003 OSt
005 20200623130918.0
008 190216s9999||||xx |||||||||||||| ||und||
020 _a9788175960398
040 _coclc
082 _a954.7025
_bGOR/N
100 _aGordon, Stewart
_93136
245 4 _aThe New Cambridge History Of India:
_bThe Marathas 1600 - 1818 /
_cStewart Gordon
260 _bCambridge Uty Press,
_c1998.
_aUK:
300 _a202p
650 _aHistory
942 _cBK
_2ddc
_h954.7025
_iGOR/M
_k954.7025
_mGOR/M